[Event "Santo Domingo Independencia op 8th"]
[Site "Santo Domingo"]
[Date "2019.02.23"]
[Round "6"]
[White "Ventura Ruiz, Jonathan Leonardo"]
[Black "Montero Marcelle, Henry"]
[Result "1-0"]
[WhiteElo "1893"]
[BlackElo "1765"]
[PlyCount "61"]
[EventDate "2019.02.15"]
[EventType "swiss"]
[EventRounds "8"]
[EventCountry "DOM"]
[SourceTitle "CBM 189 Extra"]
[Source "ChessBase"]
[SourceDate "2019.06.03"]
[SourceVersion "1"]
[SourceVersionDate "2019.06.03"]
[SourceQuality "1"]

1. d4 Nf6 2. Nc3 e5 3. dxe5 Ng4 4. Bf4 Bc5 5. e3 d6 6. exd6 cxd6 7. Bb5+ Nc6 8. Nf3 0-0 9. 0-0 a6 10. Be2 Nf6 11. Na4 Bf5 12. c4 Re8 13. a3 a5 14. Qb3 Qe7 15. Nxc5 dxc5 16. Rad1 Rad8 17. h3 h6 18. Qb6 Bc8 19. Rxd8 Rxd8 20. Rd1 Rxd1+ 21. Bxd1 Bf5 22. Ba4 Be4 23. Nd2 Qd7 24. Nxe4 Nxe4 25. Qc7 Qd2 26. Qxb7 Qxf2+ 27. Kh2 Nd2 28. Qxc6 Nf1+ 29. Kh1 Nd2 30. Qe8+ Kh7 31. Bc2+ 1-0

[Event "Santo Domingo De La Madre op"]
[Site "Santo Domingo"]
[Date "2018.06.02"]
[Round "7"]
[White "Mendez Ramirez, Victor"]
[Black "Ventura Ruiz, Jonathan Leonardo"]
[Result "1-0"]
[WhiteElo "1902"]
[BlackElo "1919"]
[PlyCount "107"]
[EventDate "2018.05.18"]
[EventType "swiss"]
[EventRounds "8"]
[EventCountry "DOM"]
[SourceTitle "CBM 184 Extra"]
[Source "ChessBase"]
[SourceDate "2018.06.28"]
[SourceVersion "1"]
[SourceVersionDate "2018.06.28"]
[SourceQuality "1"]

1. d4 d5 2. Bf4 Nc6 3. e3 f6 4. Bd3 g6 5. Nf3 Bg4 6. Be2 Bxf3 7. Bxf3 e5 8. Bg3 e4 9. Be2 h5 10. h3 Bd6 11. Bxd6 Qxd6 12. Qd2 Nge7 13. c4 dxc4 14. Bxc4 a6 15. Nc3 f5 16. h4 Rd8 17. a3 Ne5 18. Be2 Ng4 19. Bxg4 hxg4 20. 0-0-0 Nc6 21. Ne2 b5 22. Qc3 b4 23. Qc5 Qd7 24. a4 b3 25. Kb1 Ne7 26. Qb4 0-0 27. Qxb3+ Kh8 28. Nf4 Rf6 29. h5 g5 30. Ng6+ Kg7 31. Ne5 Qd5 32. Qxd5 Nxd5 33. g3 Rb6 34. Rc1 Rdb8 35. Rc2 Rb3 36. Nd7 Rd8 37. Nc5 Rb6 38. a5 Rh6 39. Rhc1 Kg8 40. Rc4 Rb8 41. Nd7 Rb7 42. Rc5 Nb4 43. Rxf5 Nd3 44. Rxg5+ Kh8 45. Rc2 Ne1 46. Re2 Nf3 47. Rxg4 Rxh5 48. Nf6 Rh1+ 49. Ka2 Rb8 50. Rc2 Ne1 51. Rxc7 Nd3 52. Rh4+ Rxh4 53. gxh4 Nb4+ 54. Kb1 1-0

[Event "Santo Domingo De La Madre op"]
[Site "Santo Domingo"]
[Date "2018.05.25"]
[Round "4"]
[White "Nouel Leon, Juan Manuel"]
[Black "Ventura Ruiz, Jonathan Leonardo"]
[Result "0-1"]
[WhiteElo "1808"]
[BlackElo "1919"]
[PlyCount "62"]
[EventDate "2018.05.18"]
[EventType "swiss"]
[EventRounds "8"]
[EventCountry "DOM"]
[SourceTitle "CBM 184 Extra"]
[Source "ChessBase"]
[SourceDate "2018.06.28"]
[SourceVersion "1"]
[SourceVersionDate "2018.06.28"]
[SourceQuality "1"]

1. d4 d5 2. c4 Nc6 3. Nc3 e5 4. e3 exd4 5. exd4 Nf6 6. Nf3 Bg4 7. Be2 dxc4 8. d5 Bxf3 9. Bxf3 Ne5 10. Be2 Qe7 11. 0-0 0-0-0 12. Re1 Qd7 13. Bg5 Kb8 14. Qd4 Qf5 15. Be3 c5 16. Qd1 h5 17. b3 Neg4 18. Bf3 Qe5 19. Qd2 Qxh2+ 20. Kf1 Nxe3+ 21. Qxe3 Re8 22. Ne4 Nxe4 23. Bxe4 f5 24. Qg5 fxe4 25. bxc4 Bd6 26. Rab1 e3 27. f3 h4 28. Ke2 h3 29. Rg1 hxg2 30. Rxg2 Qh7 31. Rb2 Be5 0-1

[Event "Santo Domingo De La Madre op"]
[Site "Santo Domingo"]
[Date "2018.05.19"]
[Round "2"]
[White "Ramirez Paniagua, Luis Enrique"]
[Black "Ventura Ruiz, Jonathan Leonardo"]
[Result "1/2-1/2"]
[WhiteElo "1794"]
[BlackElo "1919"]
[PlyCount "140"]
[EventDate "2018.05.18"]
[EventType "swiss"]
[EventRounds "8"]
[EventCountry "DOM"]
[SourceTitle "CBM 184 Extra"]
[Source "ChessBase"]
[SourceDate "2018.06.28"]
[SourceVersion "1"]
[SourceVersionDate "2018.06.28"]
[SourceQuality "1"]

1. e4 d6 2. Nc3 Nf6 3. Nf3 Nbd7 4. d3 e5 5. Bg5 c5 6. Qd2 a6 7. Be2 b5 8. a3 Bb7 9. 0-0 Be7 10. Be3 Qc8 11. h3 Bd8 12. a4 b4 13. Nd1 Ba5 14. b3 0-0 15. Nb2 d5 16. exd5 Bxd5 17. Nc4 Bc7 18. Nh2 Qb7 19. Bf3 Rad8 20. Bxd5 Nxd5 21. Bg5 f6 22. Bh4 Nf4 23. f3 Bb8 24. Rfe1 Qc7 25. Nf1 Rfe8 26. Bg3 Nh5 27. Bh2 Nf8 28. g4 Nf4 29. Bxf4 exf4 30. Rxe8 Rxe8 31. Re1 Re6 32. Rxe6 Nxe6 33. Qe2 Qd7 34. Kg2 Nd4 35. Qd1 Qe6 36. Kf2 f5 37. Nfd2 Qh6 38. Kg2 Qh4 39. Nf1 fxg4 40. hxg4 h5 41. gxh5 Qxh5 42. Ncd2 Nf5 43. Nc4 Nh4+ 44. Kf2 Qg6 45. Ncd2 Be5 46. Qe2 Bc3 47. Ke1 Qc6 48. Nh2 Nf5 49. Qe4 Qxe4+ 50. dxe4 Ne3 51. Ke2 Nxc2 52. Nb1 Bf6 53. Kd3 Ne3 54. Ng4 Nxg4 55. fxg4 Kf7 56. Nd2 Ke6 57. Nf3 g6 58. Kc4 Be7 59. Kd3 Bd6 60. Ng5+ Kd7 61. Kc4 Be7 62. Nf3 Ke6 63. Kd3 Bf8 64. Kc4 Bd6 65. Kd3 Be5 66. Kc4 Kd6 67. Ng5 Bd4 68. Nf3 Bf2 69. Kd3 Ke6 70. Ng5+ Kd6 1/2-1/2

[Event "Santo Domingo Guzman Cup"]
[Site "Santo Domingo"]
[Date "2017.10.28"]
[Round "7"]
[White "Ventura Ruiz, Jonathan Leonardo"]
[Black "Guzman, Christopher"]
[Result "0-1"]
[WhiteElo "1981"]
[BlackElo "2357"]
[PlyCount "74"]
[EventDate "2017.10.20"]
[EventType "swiss"]
[EventRounds "8"]
[EventCountry "DOM"]
[SourceTitle "CBM 181 Extra"]
[Source "ChessBase"]
[SourceDate "2017.12.12"]
[SourceVersion "1"]
[SourceVersionDate "2017.12.12"]
[SourceQuality "1"]

1. e4 e5 2. Nf3 Nc6 3. d3 g6 4. Be2 Bg7 5. 0-0 Nge7 6. c4 0-0 7. Bd2 h6 8. b4 d6 9. b5 Nb8 10. a4 f5 11. Na3 Be6 12. Ne1 Nd7 13. a5 Nc5 14. f3 f4 15. Qb1 g5 16. Nac2 h5 17. Bc3 Ng6 18. d4 exd4 19. Bxd4 Ne5 20. Qb4 Qe7 21. Ra3 g4 22. Bf2 gxf3 23. gxf3 Bh3 24. Nd4 Kh8 25. Kh1 Bxf1 26. Bxf1 Ng6 27. Nf5 Qg5 28. Bxc5 dxc5 29. Qxc5 Rad8 30. Rd3 Nh4 31. Qxc7 Rxd3 32. Bxd3 Bd4 33. Nxd4 Rg8 34. Ne2 Nxf3 35. Ng3 fxg3 36. Nxf3 g2+ 37. Kg1 Qe3# 0-1

[Event "Santo Domingo Guzman Cup"]
[Site "Santo Domingo"]
[Date "2017.10.21"]
[Round "3"]
[White "Ventura Ruiz, Jonathan Leonardo"]
[Black "De Los Santos Nunez, Eddy"]
[Result "0-1"]
[WhiteElo "1981"]
[BlackElo "2123"]
[PlyCount "74"]
[EventDate "2017.10.20"]
[EventType "swiss"]
[EventRounds "8"]
[EventCountry "DOM"]
[SourceTitle "CBM 181 Extra"]
[Source "ChessBase"]
[SourceDate "2017.12.12"]
[SourceVersion "1"]
[SourceVersionDate "2017.12.12"]
[SourceQuality "1"]

1. Nf3 Nf6 2. g3 b6 3. Bg2 Bb7 4. 0-0 c5 5. d3 d5 6. a4 Nc6 7. Nc3 d4 8. Nb5 a6 9. Na3 g6 10. e4 dxe3 11. fxe3 Bg7 12. Ne5 Qc7 13. Nxc6 Bxc6 14. e4 Rd8 15. Bf4 Qb7 16. Be5 0-0 17. Qe2 Qd7 18. Nc4 b5 19. axb5 axb5 20. Na5 Ba8 21. Nb3 Qe6 22. Bxf6 Bxf6 23. Kh1 c4 24. Nd2 cxd3 25. cxd3 Qd6 26. Nb1 b4 27. Ra5 Be5 28. Rd1 Qd4 29. b3 Rc8 30. Ra2 Rfd8 31. Nd2 Qxd3 32. Re1 Bc3 33. Qxd3 Rxd3 34. Re2 Bxd2 35. Rexd2 Rc1+ 36. Bf1 Bxe4+ 37. Kg1 Rxb3 0-1

[Event "Santo Domingo U2000 op"]
[Site "Santo Domingo"]
[Date "2017.06.03"]
[Round "2"]
[White "Veras De Jesus, Randolf"]
[Black "Ventura Ruiz, Jonathan Leonardo"]
[Result "0-1"]
[WhiteElo "1776"]
[BlackElo "1920"]
[PlyCount "82"]
[EventDate "2017.06.02"]
[EventType "swiss"]
[EventRounds "8"]
[EventCountry "DOM"]
[SourceTitle "CBM 178 Extra"]
[Source "ChessBase"]
[SourceDate "2017.06.22"]
[SourceVersion "1"]
[SourceVersionDate "2017.06.22"]
[SourceQuality "1"]

1. c4 e5 2. Nc3 d6 3. g3 Be6 4. Bg2 c6 5. d3 Ne7 6. b4 d5 7. c5 f5 8. e3 b5 9. Nge2 a5 10. Ba3 axb4 11. Bxb4 Na6 12. a3 Ng6 13. d4 e4 14. h4 h5 15. Na2 Be7 16. 0-0 Rh6 17. a4 bxa4 18. Qxa4 Nxb4 19. Qxb4 Bxh4 20. gxh4 Nxh4 21. Qb6 Qc8 22. Nb4 Bd7 23. Rxa8 Qxa8 24. Na6 Ke7 25. Rb1 Rg6 26. Nf4 Rg4 27. Qb7 Qxb7 28. Rxb7 g5 29. Nxd5+ cxd5 30. c6 Rxg2+ 31. Kf1 Rh2 32. Rxd7+ Kf6 33. c7 Rh1+ 34. Ke2 Nf3 35. Rd6+ Kf7 36. Rd7+ Kf6 37. Rd6+ Ke7 38. Re6+ Kd7 39. Nc5+ Kxc7 40. Nd3 exd3+ 41. Kxd3 h4 0-1

[Event "DOM-ch"]
[Site "Santo Domingo"]
[Date "2017.05.05"]
[Round "9"]
[White "Ventura Ruiz, Jonathan Leonardo"]
[Black "King Soriano, Misael"]
[Result "0-1"]
[WhiteElo "1903"]
[BlackElo "1983"]
[PlyCount "64"]
[EventDate "2017.04.21"]
[EventType "swiss"]
[EventRounds "11"]
[EventCountry "DOM"]
[SourceTitle "CBM 178 Extra"]
[Source "ChessBase"]
[SourceDate "2017.06.22"]
[SourceVersion "1"]
[SourceVersionDate "2017.06.22"]
[SourceQuality "1"]

1. d4 d5 2. Nc3 Nf6 3. Bf4 c6 4. e3 Bf5 5. Bd3 Bg6 6. h4 e6 7. h5 Bxd3 8. cxd3 Bd6 9. Bg5 h6 10. Bh4 e5 11. dxe5 Bxe5 12. Nf3 Nbd7 13. Nxe5 Nxe5 14. Bg3 Qe7 15. Kf1 0-0 16. Ne2 Rfe8 17. Bh4 Neg4 18. Rh3 Qd7 19. Nf4 Qf5 20. Bxf6 Nxf6 21. Qd2 Ng4 22. Re1 Re7 23. Kg1 Rae8 24. Rg3 Qxf4 25. Rc1 Qf5 26. Qc3 Qxh5 27. Kf1 Qf5 28. f3 Rxe3 29. Rxg4 Rxf3+ 30. gxf3 Qxf3+ 31. Kg1 Qxg4+ 32. Kf1 Re2 0-1

[Event "DOM-ch"]
[Site "Santo Domingo"]
[Date "2017.04.29"]
[Round "6"]
[White "Martinez Castillo, Julio Antonio"]
[Black "Ventura Ruiz, Jonathan Leonardo"]
[Result "1-0"]
[WhiteElo "2164"]
[BlackElo "1903"]
[PlyCount "159"]
[EventDate "2017.04.21"]
[EventType "swiss"]
[EventRounds "11"]
[EventCountry "DOM"]
[SourceTitle "CBM 178 Extra"]
[Source "ChessBase"]
[SourceDate "2017.06.22"]
[SourceVersion "1"]
[SourceVersionDate "2017.06.22"]
[SourceQuality "1"]

1. d4 Nf6 2. Bg5 Ne4 3. Bf4 f5 4. e3 b6 5. Nf3 e6 6. Ne5 Nf6 7. Be2 Bb7 8. Bf3 d5 9. Nd2 Nbd7 10. c3 Be7 11. g4 Nxe5 12. Bxe5 Bd6 13. gxf5 exf5 14. Qa4+ Qd7 15. Qxd7+ Kxd7 16. Bxf6 gxf6 17. 0-0-0 c5 18. dxc5 bxc5 19. c4 Rab8 20. Nb3 Ke7 21. Bxd5 Bxd5 22. Rxd5 f4 23. exf4 Bxf4+ 24. Kc2 Rb4 25. Rxc5 Rg8 26. Nd4 Kf7 27. Nc6 Rb6 28. Rf5 Rg4 29. h3 Rh4 30. Na5 Be5 31. b3 Re4 32. Rd1 Ra6 33. b4 Kg6 34. Rf3 Bc7 35. Rg1+ Kf7 36. Kd3 Re5 37. Nb3 Rxa2 38. Ra1 Rxa1 39. Nxa1 a5 40. bxa5 Rxa5 41. Nb3 Ra3 42. Kc3 Be5+ 43. Kb4 Ra8 44. c5 Ke6 45. Kc4 Ra4+ 46. Kb5 Ra2 47. c6 Rb2 48. Kc5 Rc2+ 49. Kb6 Kd5 50. Na5 Rb2+ 51. Rb3 Rxf2 52. Rb5+ Ke4 53. Nc4 Bf4 54. Kc5 Rc2 55. Rb7 h5 56. Rh7 f5 57. Re7+ Kf3 58. Kd5 Rc1 59. Rh7 Rd1+ 60. Kc5 Rd8 61. Rxh5 Ke4 62. Rh7 Bg3 63. h4 Rd5+ 64. Kb4 Be1+ 65. Kb3 Rd3+ 66. Ka4 Bg3 67. Kb5 Rb3+ 68. Kc5 Rd3 69. h5 Rd5+ 70. Kb4 Be1+ 71. Ka4 Kd4 72. Rd7 Bg3 73. h6 Kxc4 74. Rxd5 Kxd5 75. h7 Kxc6 76. h8Q f4 77. Qd8 Kc5 78. Qd3 Kc6 79. Kb4 Bh4 80. Qg6+ 1-0

[Event "DOM-ch"]
[Site "Santo Domingo"]
[Date "2017.04.22"]
[Round "3"]
[White "Ventura Ruiz, Jonathan Leonardo"]
[Black "Jimenez, Maykol Gefri"]
[Result "0-1"]
[WhiteElo "1903"]
[BlackElo "2074"]
[PlyCount "78"]
[EventDate "2017.04.21"]
[EventType "swiss"]
[EventRounds "11"]
[EventCountry "DOM"]
[SourceTitle "CBM 178 Extra"]
[Source "ChessBase"]
[SourceDate "2017.06.22"]
[SourceVersion "1"]
[SourceVersionDate "2017.06.22"]
[SourceQuality "1"]

1. e4 d6 2. Nc3 g6 3. g3 Bg7 4. Bg2 c5 5. Nge2 Nc6 6. 0-0 Nf6 7. h3 0-0 8. d3 e5 9. Bg5 h6 10. Be3 Be6 11. Qd2 Kh7 12. Rae1 Nd4 13. Nd1 Bxh3 14. Bxd4 Bxg2 15. Kxg2 cxd4 16. Rh1 Kg8 17. Rh3 h5 18. f3 Nh7 19. f4 Nf6 20. Nf2 Qd7 21. Rf1 Bh6 22. Qd1 Kg7 23. f5 Be3 24. Nh1 Ng4 25. Rf3 d5 26. c3 dxe4 27. dxe4 Qc6 28. Qd3 Rad8 29. c4 Nf6 30. fxg6 fxg6 31. Rh4 Bg5 32. Nf2 Bxh4 33. gxh4 Ng4 34. Nxg4 hxg4 35. Rxf8 Rxf8 36. h5 Rf3 37. h6+ Kh7 38. Qb1 Qf6 39. Qg1 Qh4 0-1

[Event "DOM-ch"]
[Site "Santo Domingo"]
[Date "2017.04.21"]
[Round "1"]
[White "Ventura Ruiz, Jonathan Leonardo"]
[Black "Jimenez Martinez, Dario Alberto"]
[Result "1/2-1/2"]
[WhiteElo "1903"]
[BlackElo "2121"]
[PlyCount "57"]
[EventDate "2017.04.21"]
[EventType "swiss"]
[EventRounds "11"]
[EventCountry "DOM"]
[SourceTitle "CBM 178 Extra"]
[Source "ChessBase"]
[SourceDate "2017.06.22"]
[SourceVersion "1"]
[SourceVersionDate "2017.06.22"]
[SourceQuality "1"]

1. d4 Nf6 2. Nc3 d5 3. Bf4 Bf5 4. e3 e6 5. Bd3 Bxd3 6. Qxd3 c6 7. Nge2 Bd6 8. f3 Qc7 9. Bxd6 Qxd6 10. e4 dxe4 11. fxe4 e5 12. Qg3 Nbd7 13. 0-0-0 0-0 14. Rhf1 Qe7 15. Rf5 exd4 16. Rxd4 Rfe8 17. Nf4 b5 18. Nd3 c5 19. Nd5 Nxd5 20. Rdxd5 c4 21. Nf2 a6 22. Ng4 Kh8 23. Qf2 f6 24. Qd4 Nf8 25. e5 fxe5 26. Nxe5 Ne6 27. Rd7 Qf8 28. Nf7+ Kg8 29. Nh6+ 1/2-1/2

[Event "Santo Domingo Autumn op"]
[Site "Santo Domingo"]
[Date "2016.10.07"]
[Round "6"]
[White "Reyes Rodriguez, Jhohansen"]
[Black "Ventura Ruiz, Jonathan Leonardo"]
[Result "1-0"]
[WhiteElo "1497"]
[BlackElo "1962"]
[PlyCount "75"]
[EventDate "2016.10.07"]
[EventType "swiss"]
[EventRounds "8"]
[EventCountry "DOM"]
[SourceTitle "CBM 175 Extra"]
[Source "ChessBase"]
[SourceDate "2016.12.12"]
[SourceVersion "1"]
[SourceVersionDate "2016.12.12"]
[SourceQuality "1"]

1. d4 Nf6 2. c4 c5 3. d5 e5 4. dxe6 fxe6 5. Nc3 Be7 6. e4 d6 7. Nf3 Nc6 8. Be2 0-0 9. 0-0 Bd7 10. Bg5 Be8 11. Qd2 Bh5 12. Rad1 Qe8 13. Bxf6 Rxf6 14. Nb5 Rd8 15. Qe3 Bxf3 16. Bxf3 a6 17. Nc3 Nd4 18. Bg4 Qg6 19. Bh3 Rf3 20. Bxe6+ Qxe6 21. gxf3 Qh3 22. Rd3 Rf8 23. f4 Qh6 24. Nd5 Bd8 25. b4 Re8 26. bxc5 dxc5 27. e5 b5 28. cxb5 axb5 29. Rc1 Qg6+ 30. Kf1 Bb6 31. Qd2 Ba7 32. Nf6+ Kf7 33. Nxe8 Kxe8 34. Rxd4 cxd4 35. Qc2 Qxc2 36. Rxc2 d3 37. Rd2 Ke7 38. Rxd3 1-0

[Event "Santo Domingo Autumn op"]
[Site "Santo Domingo"]
[Date "2016.10.07"]
[Round "2"]
[White "Sanchez Acevedo, Jensy Manuel"]
[Black "Ventura Ruiz, Jonathan Leonardo"]
[Result "0-1"]
[WhiteElo "1729"]
[BlackElo "1962"]
[PlyCount "60"]
[EventDate "2016.10.07"]
[EventType "swiss"]
[EventRounds "8"]
[EventCountry "DOM"]
[SourceTitle "CBM 175 Extra"]
[Source "ChessBase"]
[SourceDate "2016.12.12"]
[SourceVersion "1"]
[SourceVersionDate "2016.12.12"]
[SourceQuality "1"]

1. e4 d6 2. d4 Nf6 3. Nc3 c6 4. f4 d5 5. e5 Ne4 6. Bd3 Nxc3 7. bxc3 g6 8. Nf3 c5 9. 0-0 c4 10. Be2 Qa5 11. Bd2 Bg4 12. h3 Bxf3 13. Bxf3 e6 14. Qb1 Qc7 15. g4 Nc6 16. Qe1 b5 17. a3 Be7 18. Bg2 h5 19. f5 hxg4 20. hxg4 Bh4 21. Qc1 gxf5 22. gxf5 0-0-0 23. f6 Rdg8 24. Bh6 Rg6 25. Bg7 Rh5 26. Qf4 Bg3 27. Qf3 Bh2+ 28. Kh1 Rh4 29. Qe2 Bxe5+ 30. Kg1 Bxd4+ 0-1

[Event "Santo Domingo Autumn op"]
[Site "Santo Domingo"]
[Date "2016.10.07"]
[Round "5"]
[White "Ventura Ruiz, Jonathan Leonardo"]
[Black "Rodriguez Mejia, Eddy Gabriel"]
[Result "1-0"]
[WhiteElo "1962"]
[BlackElo "1688"]
[PlyCount "63"]
[EventDate "2016.10.07"]
[EventType "swiss"]
[EventRounds "8"]
[EventCountry "DOM"]
[SourceTitle "CBM 175 Extra"]
[Source "ChessBase"]
[SourceDate "2016.12.12"]
[SourceVersion "1"]
[SourceVersionDate "2016.12.12"]
[SourceQuality "1"]

1. e4 c5 2. Nf3 e6 3. Nc3 Nc6 4. d3 d6 5. g3 a6 6. Bg2 Nf6 7. 0-0 Qc7 8. Bd2 b5 9. Ng5 Be7 10. f4 b4 11. Ne2 0-0 12. Nf3 Bb7 13. h3 Rac8 14. g4 a5 15. Ng3 Nd4 16. Be3 e5 17. f5 d5 18. g5 Nd7 19. Nh4 Qd8 20. f6 Bxf6 21. gxf6 Nxf6 22. Nhf5 Qd7 23. Bg5 Rc6 24. Nxg7 Kxg7 25. Bxf6+ Rxf6 26. Nh5+ Kg6 27. Rxf6+ Kg5 28. Qd2+ Kh4 29. Qh6 Rg8 30. Ng7+ Kg3 31. Qg5+ Qg4 32. Qxg4# 1-0

[Event "Santo Domingo U2080 op"]
[Site "Santo Domingo"]
[Date "2016.06.13"]
[Round "7"]
[White "Ventura Ruiz, Jonathan Leonardo"]
[Black "Batlle Ysa, Rafael Jorge"]
[Result "1/2-1/2"]
[WhiteElo "1941"]
[BlackElo "1901"]
[PlyCount "35"]
[EventDate "2016.06.10"]
[EventType "swiss"]
[EventRounds "8"]
[EventCountry "DOM"]
[SourceTitle "CBM 172 Extra"]
[Source "ChessBase"]
[SourceDate "2016.06.21"]
[SourceVersion "1"]
[SourceVersionDate "2016.06.21"]
[SourceQuality "1"]

1. e4 c5 2. Ne2 d6 3. h3 Nf6 4. d3 Nc6 5. g3 e6 6. Bg2 Be7 7. 0-0 Bd7 8. Nbc3 Qc7 9. Bd2 a6 10. a3 Rb8 11. g4 h6 12. f4 b5 13. Qe1 b4 14. Nd1 e5 15. a4 a5 16. b3 Nd4 17. Ne3 Bc6 18. f5 1/2-1/2